Economic Costs of Floods in Slovakia

Ekonomické náklady povodní na Slovensku. Vysvetlenie pojmu povodeň z teoretického hľadiska. Historický prehľad povodní na Slovensku za posledných 20 rokov so zameraním na kľúčové záplavové oblasti a vyčíslenie ceny škody. Protipovodňová ochrana v kontexte trvalo udržateľného riadenia a ochrany zdrav...

Ausführliche Beschreibung

Gespeichert in:
Bibliographische Detailangaben
1. Verfasser: Baculáková, Kristína, 1988-
Weitere Verfasser: Augustín, Michael, 1991-
Format: Buchkapitel
Sprache:Englisch
Schlagworte:
Tags: Tag hinzufügen
Keine Tags, Fügen Sie das erste Tag hinzu!

MARC

LEADER 00000naa$a2200000$$$4500
001 0306242
005 20250117121807.4
041 0 |a eng 
044 |a SK 
245 1 0 |a Economic Costs of Floods in Slovakia  |c Kristína Baculáková, Michael Augustín 
520 |a Ekonomické náklady povodní na Slovensku. Vysvetlenie pojmu povodeň z teoretického hľadiska. Historický prehľad povodní na Slovensku za posledných 20 rokov so zameraním na kľúčové záplavové oblasti a vyčíslenie ceny škody. Protipovodňová ochrana v kontexte trvalo udržateľného riadenia a ochrany zdravia. Potreba fungujúcej protipovodňovej ochrany, ktorá bude schopná ochrániť majetok a hlavne ľudské životy. 
610 2 0 |a povodne 
610 2 0 |a náklady 
610 2 0 |a škody 
610 2 0 |a ochrana protipovodňová 
610 2 0 |a ochrana zdravia 
610 2 0 |a udržateľnosť 
610 2 0 |a Slovensko 
100 1 |a Baculáková, Kristína, 1988- 
700 1 |a Augustín, Michael, 1991-